N n Pillayute Sampoorna Natakangal (Record no. 113541)

MARC details
000 -LEADER
fixed length control field 00380nam a2200121Ia 4500
008 - FIXED-LENGTH DATA ELEMENTS--GENERAL INFORMATION
fixed length control field 211119s9999||||xx |||||||||||||| ||und||
082 ## - DEWEY DECIMAL CLASSIFICATION NUMBER
Classification number 894.8122
Item number PIL-P
100 ## - MAIN ENTRY--PERSONAL NAME
Personal name Pillai, N N
245 #0 - TITLE STATEMENT
Title N n Pillayute Sampoorna Natakangal
260 ## - PUBLICATION, DISTRIBUTION, ETC.
Name of publisher, distributor, etc. Simon & Schuster
Place of publication, distribution, etc. 2009
Date of publication, distribution, etc. New Delhi
650 ## - SUBJECT ADDED ENTRY--TOPICAL TERM
Topical term or geographic name entry element Malayalam Literature
942 ## - ADDED ENTRY ELEMENTS (KOHA)
Koha item type BOOK
650 ## - SUBJECT ADDED ENTRY--TOPICAL TERM
Form subdivision Malayalam DramaMalayalam
General subdivision Post Graduate Reference
Holdings
Withdrawn status Lost status Damaged status Not for loan Home library Current library Date acquired Cost, normal purchase price Total Checkouts Full call number Barcode Shelving location Date last seen Price effective from Koha item type
        SB LIBRARY SB LIBRARY 19/11/2021 495.00   894.8122 PIL-P 00126999 POST GRADUATE REFERENCE 19/11/2021 19/11/2021 BOOK

Powered by Koha